000 00471nam a2200157 i 4500
001 80844
003 ES-MaACL
005 20230906174318.0
007 t|
008 041029s1968 sp ||||1| spa d
100 1 _aHorcajada García, Ricardo.
_964189
245 1 0 _aSoñador
_b: la corrida según el punto de vista del toro /
_cRicardo García Horcajada.
260 _aBarcelona :
_bAriel,
_c[1968]
300 _a125 p. ;
_c19 cm.
852 _aES-MaACL
_jC-51406
_bR.65994
999 _c80844
_d80844